[Event "Madrid ch Veteranos 2018-2019"]
[Site "Madrid ESP"]
[Date "2019.01.10"]
[Round "4.1"]
[White "Sanchez Garcia, Aurelio"]
[Black "Elissalt Cardenas, Hector"]
[Result "0-1"]
[WhiteElo "2058"]
[BlackElo "2303"]
[PlyCount "112"]
[EventDate "2019.01.07"]
[EventType "swiss"]
[EventRounds "9"]
[EventCountry "ESP"]
[SourceTitle "Ajedrez en Madrid"]
[Source "lmi"]
[SourceDate "2019.01.07"]
[SourceVersion "1"]
[SourceVersionDate "2019.01.22"]
[SourceQuality "1"]

1. Nf3 Nf6 2. c4 e6 3. e3 b6 4. d4 Bb7 5. Bd3 Be7 6. O-O O-O 7. Nc3 d5 8. cxd5
exd5 9. b3 Nbd7 10. Bb2 a6 11. Rc1 Bd6 12. Ne2 Qe7 13. Ng3 g6 14. Qc2 Rac8 15.
Qe2 Ra8 16. Qc2 Rfc8 17. Rfd1 b5 18. Qe2 Ne4 19. Qf1 f5 20. Ne2 Rf8 21. Rc2 c6
22. g3 g5 23. Ne5 Nxe5 24. dxe5 Bxe5 25. Bxe5 Qxe5 26. b4 a5 27. Qe1 axb4 28.
Qxb4 Ra4 29. Qb2 Qxb2 30. Rxb2 Rfa8 31. Bb1 Bc8 32. Nd4 Bd7 33. Rc1 R8a6 34.
Nb3 Rc4 35. Bd3 Rxc1+ 36. Nxc1 Nc3 37. Kf1 Kf7 38. Ke1 Ke7 39. f3 Kd6 40. h4
gxh4 41. gxh4 c5 42. Kd2 Ra3 43. Rb3 Rxb3 44. axb3 b4 45. Bf1 Nb1+ 46. Kc2 Na3+
47. Kd2 c4 48. Bh3 Nb1+ 49. Kc2 Nc3 50. Bf1 Be6 51. Ne2 Nxe2 52. Bxe2 cxb3+ 53.
Kxb3 Kc5 54. Kb2 d4 55. e4 fxe4 56. fxe4 Bc4 0-1

[Event "Madrid ch Veteranos 2018-2019"]
[Site "Madrid ESP"]
[Date "2019.01.10"]
[Round "4.2"]
[White "Pastor Alonso De Prado, Alberto"]
[Black "Lopez de Turiso, Jose Angel"]
[Result "0-1"]
[WhiteElo "2147"]
[BlackElo "1950"]
[PlyCount "56"]
[EventDate "2019.01.07"]
[EventType "swiss"]
[EventRounds "9"]
[EventCountry "ESP"]
[SourceTitle "Ajedrez en Madrid"]
[Source "lmi"]
[SourceDate "2019.01.07"]
[SourceVersion "1"]
[SourceVersionDate "2019.01.22"]
[SourceQuality "1"]

1. e4 e6 2. d4 f5 3. exf5 exf5 4. Qe2+ Qe7 5. Bf4 d6 6. Nc3 Nf6 7. O-O-O Qxe2
8. Ngxe2 g6 9. Re1 Kf7 10. Bg5 Bg7 11. Nf4 c6 12. d5 h6 13. dxc6 bxc6 14. Bc4+
d5 15. Ncxd5 cxd5 16. Bxf6 dxc4 17. Re7+ Kxf6 18. Nd5+ Kg5 19. Rxg7 h5 20. Re1
Nc6 21. f4+ Kh6 22. Rc7 Nd4 23. Ree7 Be6 24. Ne3 Ne2+ 25. Kb1 Nxf4 26. Rb7 Bd5
27. Rbd7 Bxg2 28. Rd4 Rhe8 0-1

[Event "Madrid ch Veteranos 2018-2019"]
[Site "Madrid ESP"]
[Date "2019.01.10"]
[Round "4.3"]
[White "Martin Martin, Luis Vicente"]
[Black "Viñas Lopez, Carlos"]
[Result "1-0"]
[WhiteElo "1981"]
[BlackElo "1879"]
[PlyCount "87"]
[EventDate "2019.01.07"]
[EventType "swiss"]
[EventRounds "9"]
[EventCountry "ESP"]
[SourceTitle "Ajedrez en Madrid"]
[Source "lmi"]
[SourceDate "2019.01.07"]
[SourceVersion "1"]
[SourceVersionDate "2019.01.22"]
[SourceQuality "1"]

1. d4 Nf6 2. Bf4 d5 3. e3 e6 4. Nf3 Bd6 5. Ne5 O-O 6. Bd3 c5 7. c3 Nc6 8. Bg3
Qc7 9. f4 Ne4 10. Nd2 Nxd2 11. Qxd2 f6 12. Nxc6 Qxc6 13. Qc2 h6 14. O-O Bd7 15.
Kh1 c4 16. Be2 b5 17. a3 a5 18. Bf3 f5 19. Be1 Rfb8 20. g4 b4 21. axb4 axb4 22.
Rxa8 Qxa8 23. gxf5 exf5 24. cxb4 Bxb4 25. Qxc4 dxc4 26. Bxa8 Rxa8 27. Bxb4 Bc6+
28. Kg1 Kf7 29. Kf2 Bd5 30. Rg1 Rb8 31. Bc3 Ra8 32. Ke2 g6 33. Kd2 Ra4 34. h4
h5 35. Re1 Kf6 36. Rc1 Kf7 37. Rg1 Kf6 38. e4 Bxe4 39. d5+ Kf7 40. d6 Ra6 41.
Bb4 Ra7 42. Kc3 Bd3 43. b3 cxb3 44. Kxd3 1-0

[Event "Madrid ch Veteranos 2018-2019"]
[Site "Madrid ESP"]
[Date "2019.01.10"]
[Round "4.4"]
[White "Vukotic Jovsic, Dragan"]
[Black "Garcia Martin, Esteban"]
[Result "0-1"]
[WhiteElo "1959"]
[BlackElo "1856"]
[PlyCount "116"]
[EventDate "2019.01.07"]
[EventType "swiss"]
[EventRounds "9"]
[EventCountry "ESP"]
[SourceTitle "Ajedrez en Madrid"]
[Source "lmi"]
[SourceDate "2019.01.07"]
[SourceVersion "1"]
[SourceVersionDate "2019.01.22"]
[SourceQuality "1"]

1. d4 Nf6 2. Nf3 d5 3. Bf4 e6 4. e3 c5 5. c3 Bd6 6. Bg3 O-O 7. Bd3 Ne4 8. Nbd2
f5 9. Ne5 Nxd2 10. Qxd2 Nc6 11. f4 Nxe5 12. fxe5 Be7 13. Qf2 Bd7 14. O-O-O b5
15. Kb1 b4 16. c4 Bc6 17. Rc1 Qb6 18. h4 b3 19. a3 cxd4 20. exd4 dxc4 21. Rxc4
Bd5 22. Rc3 Rac8 23. Rhc1 Rxc3 24. Rxc3 Qa5 25. Qd2 Bb4 26. axb4 Qa2+ 27. Kc1
Qa1+ 28. Bb1 Be4 29. Kd1 Bxb1 30. Qc1 Bc2+ 31. Kd2 Qa4 32. Qf1 Qxb4 33. Qc4
Qxc4 34. Rxc4 Be4 35. Rc7 Ra8 36. Kc3 Bd5 37. Bf4 a5 38. g3 a4 39. Bc1 g6 40.
Kb4 Ra6 41. Rc8+ Kf7 42. Rc7+ Kg8 43. Rc8+ Kf7 44. Rc7+ Kg8 45. Rc8+ Kf7 46.
Rc7+ Kg8 47. Kb5 Ra8 48. Kb4 Kh8 49. Ka3 Kg8 50. Bh6 Kh8 51. Bg7+ Kg8 52. Bf6
Ra6 53. Rg7+ Kf8 54. Rxh7 Rc6 55. Ra7 Rc1 56. Be7+ Ke8 57. Kxa4 Rg1 58. Bg5
Ra1+ 0-1

[Event "Madrid ch Veteranos 2018-2019"]
[Site "Madrid ESP"]
[Date "2019.01.10"]
[Round "4.5"]
[White "Gonzalez Rivera, Eduardo"]
[Black "Campos Calvo-Sotelo, Juan"]
[Result "1-0"]
[WhiteElo "2025"]
[BlackElo "1811"]
[PlyCount "121"]
[EventDate "2019.01.07"]
[EventType "swiss"]
[EventRounds "9"]
[EventCountry "ESP"]
[SourceTitle "Ajedrez en Madrid"]
[Source "lmi"]
[SourceDate "2019.01.07"]
[SourceVersion "1"]
[SourceVersionDate "2019.01.22"]
[SourceQuality "1"]

1. e4 c5 2. Nf3 d6 3. d4 cxd4 4. Nxd4 Nf6 5. Nc3 a6 6. Bc4 e6 7. Bb3 b5 8. a3
Bb7 9. O-O Nc6 10. f4 Qc7 11. f5 Nxd4 12. Qxd4 d5 13. Qd1 Bc5+ 14. Kh1 O-O-O
15. exd5 Nxd5 16. Nxd5 Bxd5 17. Bxd5 Rxd5 18. Qg4 exf5 19. Qxg7 Bd4 20. Qh6 Rd6
21. Qh3 Qd7 22. Bf4 Rd5 23. c3 Bc5 24. c4 Rd3 25. Qh6 Kb7 26. cxb5 axb5 27.
Rac1 Bd6 28. h3 Bxf4 29. Qxf4 Rd5 30. a4 Rc8 31. Rxc8 Kxc8 32. Rc1+ Kb7 33. Qf3
Kb6 34. a5+ Ka6 35. b4 Qd6 36. h4 f6 37. g3 h6 38. Kg2 Qd7 39. Rc2 h5 40. Re2
Qc6 41. Kh3 Qd7 42. Kh2 Qd6 43. Rc2 Qd7 44. Qc3 Kb7 45. Qxf6 Rd2+ 46. Rxd2
Qxd2+ 47. Kh3 Qf2 48. Qf7+ Kc8 49. Qe8+ Kc7 50. Qxb5 Qe1 51. Qc5+ Kd8 52. Qf8+
Kc7 53. Qc5+ Kd8 54. Qd5+ Ke7 55. Qb7+ Kd6 56. Qb6+ Ke7 57. Qb7+ Kd8 58. Qg2
Kc7 59. a6 Qa1 60. Qb7+ Kd6 61. a7 1-0

[Event "Madrid ch Veteranos 2018-2019"]
[Site "Madrid ESP"]
[Date "2019.01.10"]
[Round "4.6"]
[White "Martin Rodriguez, Emilio"]
[Black "Largo Barbero, Benito"]
[Result "1-0"]
[WhiteElo "2028"]
[BlackElo "1872"]
[PlyCount "75"]
[EventDate "2019.01.07"]
[EventType "swiss"]
[EventRounds "9"]
[EventCountry "ESP"]
[SourceTitle "Ajedrez en Madrid"]
[Source "lmi"]
[SourceDate "2019.01.07"]
[SourceVersion "1"]
[SourceVersionDate "2019.01.22"]
[SourceQuality "1"]

1. d4 g6 2. f4 d6 3. Nf3 Bg7 4. Nc3 a6 5. e4 b5 6. a3 e6 7. Bd3 Ne7 8. O-O O-O
9. Be3 Bb7 10. h4 f5 11. exf5 Nxf5 12. Bxf5 exf5 13. d5 Re8 14. Bd4 Nd7 15.
Bxg7 Kxg7 16. Ng5 Nf8 17. Qd2 h6 18. Nf3 Qf6 19. Rae1 Qf7 20. a4 b4 21. Qd4+
Kh7 22. Qxb4 Bxd5 23. Nxd5 Qxd5 24. Qc3 Qf7 25. b3 Ne6 26. Qc4 Kg7 27. b4 a5
28. c3 axb4 29. cxb4 Rxa4 30. Re3 Raa8 31. Rfe1 Nf8 32. Rxe8 Qxc4 33. Rxa8 Kf7
34. Rae8 Qxb4 35. R1e7+ Kf6 36. Ng5 Qc4 37. Rxc7 Qd5 38. Rxf8+ 1-0

[Event "Madrid ch Veteranos 2018-2019"]
[Site "Madrid ESP"]
[Date "2019.01.10"]
[Round "4.7"]
[White "Camarero Izquierdo, Juan Carlos"]
[Black "Cabañas Bravo, Juan Andres"]
[Result "0-1"]
[WhiteElo "1860"]
[BlackElo "1965"]
[PlyCount "114"]
[EventDate "2019.01.07"]
[EventType "swiss"]
[EventRounds "9"]
[EventCountry "ESP"]
[SourceTitle "Ajedrez en Madrid"]
[Source "lmi"]
[SourceDate "2019.01.07"]
[SourceVersion "1"]
[SourceVersionDate "2019.01.22"]
[SourceQuality "1"]

1. d4 Nf6 2. Nc3 d5 3. Bg5 Nbd7 4. f3 c6 5. Qd3 h6 6. Bh4 Qa5 7. O-O-O b5 8. e4
b4 9. Nb1 dxe4 10. fxe4 Qxa2 11. e5 Nh7 12. e6 Qxe6 13. Re1 Qg4 14. Re4 Qg6 15.
Qe3 Nhf6 16. Nd2 Nxe4 17. Nxe4 e6 18. Nh3 Nb6 19. Nf4 Qf5 20. Bd3 Qa5 21. Kb1
Nd5 22. Nxd5 cxd5 23. Bg3 Ba6 24. Nd6+ Bxd6 25. Bxd6 Bxd3 26. Qxd3 Qb6 27. Bc5
Qb7 28. Re1 O-O-O 29. Qg3 g6 30. Re3 a5 31. Rb3 Qb5 32. Qf3 Rd7 33. c3 Rb7 34.
cxb4 axb4 35. Rxb4 Qd7 36. Bb6 Qc6 37. Qb3 Kd7 38. Bc5 Rhb8 39. Rxb7+ Qxb7 40.
Qa4+ Qb5 41. Qa7+ Rb7 42. Qa3 Kc6 43. Bf8 Qf1+ 44. Ka2 Qc4+ 45. Kb1 Qxd4 46.
Qa6+ Qb6 47. Qa4+ Qb5 48. Qc2+ Qc4 49. Qd1 Rb3 50. Qg1 Rd3 51. Bxh6 Qe4 52. Kc1
Qa4 53. Be3 Qc4+ 54. Kb1 Qe4 55. Bd2 Rxd2+ 56. Ka2 Qa4+ 57. Kb1 Rd1+ 0-1

[Event "Madrid ch Veteranos 2018-2019"]
[Site "Madrid ESP"]
[Date "2019.01.10"]
[Round "4.8"]
[White "Gil Sierra, Jacinto"]
[Black "Lopez Heras, Arturo"]
[Result "1/2-1/2"]
[WhiteElo "1914"]
[BlackElo "1858"]
[PlyCount "93"]
[EventDate "2019.01.07"]
[EventType "swiss"]
[EventRounds "9"]
[EventCountry "ESP"]
[SourceTitle "Ajedrez en Madrid"]
[Source "lmi"]
[SourceDate "2019.01.07"]
[SourceVersion "1"]
[SourceVersionDate "2019.01.22"]
[SourceQuality "1"]

1. e4 c5 2. Nf3 d6 3. d4 cxd4 4. Nxd4 Nf6 5. Nc3 a6 6. h3 e6 7. g4 d5 8. exd5
Nxd5 9. Bd2 Bb4 10. Qf3 Bxc3 11. Bxc3 Qc7 12. Bd2 Qe5+ 13. Be3 Nxe3 14. Qxe3
Qxe3+ 15. fxe3 Nd7 16. Bg2 Ne5 17. O-O-O Ke7 18. Rd2 Rb8 19. Rhd1 Nc4 20. Rd3
Ne5 21. Rc3 Rd8 22. Rc5 f6 23. g5 b6 24. Rxe5 Rxd4 25. exd4 fxe5 26. dxe5 Bb7
27. Bxb7 Rxb7 28. Rd6 a5 29. Kd2 b5 30. c3 Rc7 31. Rd4 Rc5 32. Re4 Kf7 33. Ke3
Kg6 34. Kf4 Rc8 35. Kg4 Rc5 36. h4 Rd5 37. h5+ Kf7 38. Kf3 Rd3+ 39. Re3 Rd1 40.
b3 Rh1 41. Kg4 Rh2 42. a4 bxa4 43. bxa4 Ra2 44. Re4 Rg2+ 45. Kf4 Rh2 46. Kg4
Rg2+ 47. Kf4 1/2-1/2

[Event "Madrid ch Veteranos 2018-2019"]
[Site "Madrid ESP"]
[Date "2019.01.10"]
[Round "4.9"]
[White "Marcos Herrero, Francisco"]
[Black "Garcia Galeote, Lorenzo"]
[Result "1/2-1/2"]
[WhiteElo "1855"]
[BlackElo "1895"]
[PlyCount "69"]
[EventDate "2019.01.07"]
[EventType "swiss"]
[EventRounds "9"]
[EventCountry "ESP"]
[SourceTitle "Ajedrez en Madrid"]
[Source "lmi"]
[SourceDate "2019.01.07"]
[SourceVersion "1"]
[SourceVersionDate "2019.01.22"]
[SourceQuality "1"]

1. d4 Nf6 2. c4 g6 3. Nf3 Bg7 4. g3 O-O 5. Bg2 d6 6. Nc3 Nc6 7. O-O h6 8. h3 e5
9. e4 Nd7 10. Be3 exd4 11. Nxd4 Nde5 12. b3 Nxd4 13. Bxd4 Nc6 14. Bxg7 Kxg7 15.
Qd2 Ne5 16. f4 Nc6 17. Rad1 Be6 18. f5 Bc8 19. f6+ Kh7 20. Rf4 g5 21. Rf2 Ne5
22. Nd5 Be6 23. Rdf1 Qd7 24. h4 Bxd5 25. exd5 Qg4 26. hxg5 Qxg3 27. Qf4 Qxf4
28. Rxf4 hxg5 29. Be4+ Ng6 30. Rg4 Rfe8 31. Rf5 Re5 32. Rfxg5 Rxg5 33. Rxg5 Kh6
34. Rg3 Re8 35. Bd3 1/2-1/2

[Event "Madrid ch Veteranos 2018-2019"]
[Site "Madrid ESP"]
[Date "2019.01.10"]
[Round "4.10"]
[White "Esteban Amo, Jose M"]
[Black "Roldan Garcia, Angel"]
[Result "1-0"]
[WhiteElo "1888"]
[BlackElo "1812"]
[PlyCount "113"]
[EventDate "2019.01.07"]
[EventType "swiss"]
[EventRounds "9"]
[EventCountry "ESP"]
[SourceTitle "Ajedrez en Madrid"]
[Source "lmi"]
[SourceDate "2019.01.07"]
[SourceVersion "1"]
[SourceVersionDate "2019.01.22"]
[SourceQuality "1"]

1. d4 Nf6 2. Bf4 e6 3. e3 c5 4. c3 Nc6 5. Nd2 d5 6. Ngf3 Nh5 7. Bg5 Qb6 8. Rb1
h6 9. Bh4 g5 10. Ne5 Ng7 11. Bg3 Nf5 12. Qh5 Nxe5 13. Bxe5 Bg7 14. Nf3 c4 15.
Be2 Bxe5 16. Nxe5 Qc7 17. O-O Ng7 18. Qf3 f5 19. Bd1 Bd7 20. b3 g4 21. Qe2 b5
22. e4 O-O 23. exf5 exf5 24. Qd2 Rf6 25. Re1 Ne6 26. bxc4 bxc4 27. Bc2 Ng5 28.
Rb2 Rb6 29. Reb1 Rxb2 30. Rxb2 Re8 31. Rb1 Bc8 32. Ba4 Re6 33. Rb4 Ne4 34. Qe1
Rb6 35. a3 a5 36. Rb5 Rxb5 37. Bxb5 Qb6 38. a4 Qd6 39. f3 gxf3 40. gxf3 Ng5 41.
Qg3 Kh7 42. h4 f4 43. Qe1 Nh3+ 44. Kh2 Bf5 45. Ng4 Bxg4 46. fxg4 Ng5 47. hxg5
hxg5 48. Qe8 f3+ 49. Qe5 Qh6+ 50. Kg1 Qh4 51. Qh2 f2+ 52. Qxf2 Qxg4+ 53. Qg2
Qd1+ 54. Kh2 Kg6 55. Be8+ Kf6 56. Qf2+ Kg7 57. Qf7+ 1-0

[Event "Madrid ch Veteranos 2018-2019"]
[Site "Madrid ESP"]
[Date "2019.01.10"]
[Round "4.12"]
[White "Garcia Sanz, Eduardo"]
[Black "Sotoca Aguado, Jose"]
[Result "0-1"]
[WhiteElo "1795"]
[BlackElo "1881"]
[PlyCount "124"]
[EventDate "2019.01.07"]
[EventType "swiss"]
[EventRounds "9"]
[EventCountry "ESP"]
[SourceTitle "Ajedrez en Madrid"]
[Source "lmi"]
[SourceDate "2019.01.07"]
[SourceVersion "1"]
[SourceVersionDate "2019.01.22"]
[SourceQuality "1"]

1. d4 Nf6 2. Nf3 e6 3. c4 Bb4+ 4. Nc3 c5 5. g3 b6 6. Bg2 Bb7 7. O-O Bxc3 8.
bxc3 O-O 9. d5 h6 10. Re1 exd5 11. Nh4 d6 12. cxd5 Bc8 13. e4 Nbd7 14. f4 Re8
15. c4 Rb8 16. a4 a6 17. Nf5 Nf8 18. Nxd6 Qxd6 19. e5 Qd8 20. exf6 Rxe1+ 21.
Qxe1 Qxf6 22. Be3 Bf5 23. Rc1 Nd7 24. h3 Re8 25. Qd2 Be4 26. Bf2 Bxg2 27. Kxg2
Re4 28. a5 Qe7 29. Re1 f5 30. Kf1 Kf7 31. d6 Rxe1+ 32. Bxe1 Qe4 33. Qd5+ Qxd5
34. cxd5 b5 35. Bf2 Ke8 36. Ke2 Nf6 37. Bxc5 Ne4 38. Bb4 Kd7 39. Kf3 Nxd6 40.
g4 g6 41. Ke3 Ne4 42. gxf5 gxf5 43. Kd4 Nf2 44. h4 h5 45. Be1 Ng4 46. Kc5 Ne3
47. Kb6 Nxd5+ 48. Kxa6 b4 49. Bd2 b3 50. Bc1 Kc6 51. Ka7 Kb5 52. a6 Nc7 53. Kb7
Nxa6 54. Kc8 Kc5 55. Kd7 Kd5 56. Ke7 Nc5 57. Kf6 Ke4 58. Kg6 Nd3 59. Ba3 Nxf4+
60. Kg5 Ne6+ 61. Kxh5 f4 62. Kg4 f3 0-1

[Event "Madrid ch Veteranos 2018-2019"]
[Site "Madrid ESP"]
[Date "2019.01.10"]
[Round "4.14"]
[White "Perez Cameselle, Francisco"]
[Black "Fernandez Garcia, Ignacio"]
[Result "1/2-1/2"]
[WhiteElo "1767"]
[BlackElo "1769"]
[PlyCount "104"]
[EventDate "2019.01.07"]
[EventType "swiss"]
[EventRounds "9"]
[EventCountry "ESP"]
[SourceTitle "Ajedrez en Madrid"]
[Source "lmi"]
[SourceDate "2019.01.07"]
[SourceVersion "1"]
[SourceVersionDate "2019.01.22"]
[SourceQuality "1"]

1. e4 d6 2. d4 Nf6 3. Nc3 c6 4. Nf3 g6 5. Be2 Bg7 6. O-O O-O 7. a4 Qc7 8. Bf4
Nh5 9. Be3 e5 10. Qd2 Re8 11. Rfd1 Nf6 12. dxe5 dxe5 13. Bh6 Nbd7 14. Bxg7 Kxg7
15. a5 Nc5 16. Qe3 Qe7 17. h3 h6 18. Bc4 Ncd7 19. Bb3 Nh5 20. Ne2 g5 21. Ng3
Nxg3 22. fxg3 Qc5 23. Kf2 Qxe3+ 24. Kxe3 Nc5 25. Bc4 g4 26. hxg4 Bxg4 27. b4
Nd7 28. Rd6 Nf6 29. a6 b5 30. Bb3 Rac8 31. c4 Re7 32. c5 Rcc7 33. Nh4 Red7 34.
Bd1 Be6 35. Nf5+ Bxf5 36. exf5 Rxd6 37. cxd6 Rd7 38. Bf3 Rxd6 39. Rc1 Nd5+ 40.
Bxd5 cxd5 41. Rc5 Kf6 42. g4 h5 43. gxh5 Kxf5 44. Rc7 d4+ 45. Kd2 Rxa6 46.
Rxf7+ Ke4 47. Rc7 Ra2+ 48. Rc2 Rxc2+ 49. Kxc2 Kf5 50. Kd3 Kg5 51. g4 Kh6 52.
Ke4 Kg5 1/2-1/2

[Event "Madrid ch Veteranos 2018-2019"]
[Site "Madrid ESP"]
[Date "2019.01.10"]
[Round "4.15"]
[White "Lopez Orellana, Federico"]
[Black "Olmos Sanz, Francisco J"]
[Result "1-0"]
[WhiteElo "1694"]
[BlackElo "1574"]
[PlyCount "62"]
[EventDate "2019.01.07"]
[EventType "swiss"]
[EventRounds "9"]
[EventCountry "ESP"]
[SourceTitle "Ajedrez en Madrid"]
[Source "lmi"]
[SourceDate "2019.01.07"]
[SourceVersion "1"]
[SourceVersionDate "2019.01.22"]
[SourceQuality "1"]

1. d4 Nf6 2. Bg5 e6 3. e3 Be7 4. Bd3 d6 5. f4 Bd7 6. Nf3 Bc6 7. Qe2 Ne4 8. Bxe7
Qxe7 9. O-O Nd7 10. Nbd2 Ndf6 11. Nxe4 Nxe4 12. c4 f5 13. b4 O-O 14. b5 Bd7 15.
Qc2 Nf6 16. Rfe1 c6 17. a4 b6 18. Ng5 h6 19. Nf3 Kh8 20. g3 Be8 21. e4 fxe4 22.
Bxe4 d5 23. Bd3 cxb5 24. axb5 Rc8 25. Qe2 dxc4 26. Bxc4 Qb4 27. Ne5 Nd5 28. Kh1
Rf6 29. Reb1 Qe7 30. Bxd5 Bxb5 31. Rxb5 Qe8 1-0

[Event "Madrid ch Veteranos 2018-2019"]
[Site "Madrid ESP"]
[Date "2019.01.10"]
[Round "4.16"]
[White "Barahona Torrijos, Angel"]
[Black "Diaz Begonte, Manuel"]
[Result "1-0"]
[WhiteElo "1735"]
[BlackElo "1552"]
[PlyCount "67"]
[EventDate "2019.01.07"]
[EventType "swiss"]
[EventRounds "9"]
[EventCountry "ESP"]
[SourceTitle "Ajedrez en Madrid"]
[Source "lmi"]
[SourceDate "2019.01.07"]
[SourceVersion "1"]
[SourceVersionDate "2019.01.22"]
[SourceQuality "1"]

1. d4 d5 2. Nf3 Nf6 3. e3 Bf5 4. c4 e6 5. c5 c6 6. Nc3 Nbd7 7. b4 a6 8. Bb2 Be7
9. Bd3 Bxd3 10. Qxd3 Qc7 11. O-O O-O 12. e4 dxe4 13. Nxe4 Nd5 14. a3 Qf4 15.
Ne5 Nxe5 16. dxe5 Qf5 17. Rad1 Nf4 18. Qf3 Nd5 19. Qxf5 exf5 20. Nd6 Rab8 21.
Nxf5 Rfe8 22. Rfe1 Bf8 23. g3 b6 24. cxb6 Rxb6 25. Bd4 Rbb8 26. Nd6 Re6 27. f4
Bxd6 28. exd6 Rxd6 29. Be5 Rdd8 30. Bxb8 Rxb8 31. Rc1 a5 32. Rxc6 axb4 33. axb4
Nxb4 34. Rb6 1-0

[Event "Madrid ch Veteranos 2018-2019"]
[Site "Madrid ESP"]
[Date "2019.01.10"]
[Round "4.17"]
[White "Hernandez Garcia, Carlos"]
[Black "Lopez Guitian, Juan J"]
[Result "1-0"]
[WhiteElo "1733"]
[BlackElo "1577"]
[PlyCount "91"]
[EventDate "2019.01.07"]
[EventType "swiss"]
[EventRounds "9"]
[EventCountry "ESP"]
[SourceTitle "Ajedrez en Madrid"]
[Source "lmi"]
[SourceDate "2019.01.07"]
[SourceVersion "1"]
[SourceVersionDate "2019.01.22"]
[SourceQuality "1"]

1. e4 c6 2. d4 d5 3. Nc3 dxe4 4. Nxe4 Nd7 5. c4 Ngf6 6. Bd3 Nxe4 7. Bxe4 Nf6 8.
Bc2 Bg4 9. f3 Bh5 10. Ne2 e6 11. O-O Bg6 12. Bg5 Be7 13. a3 Qc7 14. Rc1 O-O-O
15. Bf4 Bd6 16. Bxd6 Qxd6 17. b4 Kb8 18. Ba4 Rc8 19. Qd2 Rhd8 20. Rfd1 e5 21.
Qb2 e4 22. f4 Bh5 23. c5 Qc7 24. g3 Bf3 25. b5 Ka8 26. b6 Qd7 27. bxa7 Qh3 28.
Nc3 Bxd1 29. Rxd1 Nd5 30. Nxe4 Ne3 31. Rb1 Rc7 32. Bxc6 Qg2+ 33. Qxg2 Nxg2 34.
Bxb7+ Rxb7 35. Rxb7 Kxb7 36. Nd6+ Kxa7 37. Kxg2 f6 38. Kf3 Kb8 39. Ke4 Kc7 40.
Kd5 g6 41. Ke6 f5 42. d5 Rb8 43. Ke7 Rb2 44. Nf7 Re2+ 45. Ne5 Rb2 46. d6+ 1-0

[Event "Madrid ch Veteranos 2018-2019"]
[Site "Madrid ESP"]
[Date "2019.01.10"]
[Round "4.18"]
[White "Lopez Peral, Enrique"]
[Black "Menendez Domes, Juan"]
[Result "1/2-1/2"]
[WhiteElo "1702"]
[BlackElo "1393"]
[PlyCount "63"]
[EventDate "2019.01.07"]
[EventType "swiss"]
[EventRounds "9"]
[EventCountry "ESP"]
[SourceTitle "Ajedrez en Madrid"]
[Source "lmi"]
[SourceDate "2019.01.07"]
[SourceVersion "1"]
[SourceVersionDate "2019.01.22"]
[SourceQuality "1"]

1. Nf3 Nc6 2. d4 d5 3. Nc3 Bg4 4. h3 Bxf3 5. exf3 a6 6. Be2 g6 7. Be3 Bh6 8.
Bxh6 Nxh6 9. g4 e6 10. Qd2 Ng8 11. a3 Qf6 12. O-O-O Qe7 13. f4 Qd7 14. Qe3 Nge7
15. Rhe1 O-O-O 16. Na4 Na7 17. Nc5 Qc6 18. Qb3 Rd6 19. a4 Qb6 20. Rd3 Qxb3 21.
Rxb3 Rb6 22. c3 Rxb3 23. Nxb3 Nac6 24. h4 h5 25. gxh5 gxh5 26. Rg1 Nf5 27. Rg5
Nxh4 28. Rxh5 Rxh5 29. Bxh5 Nd8 30. Nc5 f5 31. Be8 c6 32. Bd7+ 1/2-1/2

[Event "Madrid ch Veteranos 2018-2019"]
[Site "Madrid ESP"]
[Date "2019.01.10"]
[Round "4.19"]
[White "Calderon Martin, Antonio"]
[Black "De Juan Rivas, Antonio"]
[Result "1/2-1/2"]
[WhiteElo "1681"]
[BlackElo "1560"]
[PlyCount "84"]
[EventDate "2019.01.07"]
[EventType "swiss"]
[EventRounds "9"]
[EventCountry "ESP"]
[SourceTitle "Ajedrez en Madrid"]
[Source "lmi"]
[SourceDate "2019.01.07"]
[SourceVersion "1"]
[SourceVersionDate "2019.01.22"]
[SourceQuality "1"]

1. e4 e6 2. d4 d5 3. e5 c5 4. c3 Nc6 5. Nf3 f6 6. Be2 fxe5 7. dxe5 Qc7 8. Bb5
Bd7 9. Bxc6 Bxc6 10. O-O O-O-O 11. Bg5 Ne7 12. b4 h6 13. Be3 Ng6 14. Bxc5 Bxc5
15. bxc5 Nxe5 16. Nd4 Rde8 17. a4 a6 18. Re1 h5 19. Nd2 Ng4 20. N2f3 e5 21.
Nxc6 bxc6 22. h3 e4 23. hxg4 hxg4 24. Nd4 Qh2+ 25. Kf1 Qh1+ 26. Ke2 Qxg2 27.
Rg1 Qh3 28. Rg3 Qh5 29. Qg1 e3 30. fxe3 Re4 31. Rb1 Kc7 32. Rb6 Qe5 33. Rxc6+
Kd7 34. Rd6+ Kc8 35. Qf2 Rh2 36. Rg2 Rxe3+ 37. Qxe3 Rxg2+ 38. Kd3 Rg3 39. Rc6+
Kd7 40. Rd6+ Kc8 41. Rc6+ Kd7 42. Rd6+ Kc8 1/2-1/2

[Event "Madrid ch Veteranos 2018-2019"]
[Site "Madrid ESP"]
[Date "2019.01.10"]
[Round "4.20"]
[White "Martinez Miura, Enrique"]
[Black "Infante Martin, Alonso"]
[Result "1-0"]
[WhiteElo "1661"]
[BlackElo "1348"]
[PlyCount "59"]
[EventDate "2019.01.07"]
[EventType "swiss"]
[EventRounds "9"]
[EventCountry "ESP"]
[SourceTitle "Ajedrez en Madrid"]
[Source "lmi"]
[SourceDate "2019.01.07"]
[SourceVersion "1"]
[SourceVersionDate "2019.01.22"]
[SourceQuality "1"]

1. e4 e5 2. Nf3 Nc6 3. d4 exd4 4. Nxd4 Nf6 5. Nxc6 bxc6 6. Bd3 d6 7. h3 h6 8.
O-O Rb8 9. Re1 Be7 10. b3 Be6 11. Bb2 Rg8 12. Nd2 Qd7 13. Qf3 Nh7 14. Qe3 g5
15. e5 d5 16. Bxh7 Rh8 17. Bd3 g4 18. hxg4 Bxg4 19. e6 Bxe6 20. Bxh8 Bg5 21. f4
Be7 22. Bb2 c5 23. c4 d4 24. Qe5 Rb6 25. Qh8+ Bf8 26. f5 Qe7 27. fxe6 Rxe6 28.
Rxe6 Qxe6 29. Ne4 Qe7 30. Qf6 1-0

[Event "Madrid ch Veteranos 2018-2019"]
[Site "Madrid ESP"]
[Date "2019.01.10"]
[Round "4.21"]
[White "Bellagamba, Pascal"]
[Black "Navarro Corredor, Angel"]
[Result "1-0"]
[WhiteElo "1640"]
[BlackElo "1343"]
[PlyCount "91"]
[EventDate "2019.01.07"]
[EventType "swiss"]
[EventRounds "9"]
[EventCountry "ESP"]
[SourceTitle "Ajedrez en Madrid"]
[Source "lmi"]
[SourceDate "2019.01.07"]
[SourceVersion "1"]
[SourceVersionDate "2019.01.22"]
[SourceQuality "1"]

1. e4 c6 2. g3 e5 3. Bg2 Nf6 4. d3 Be7 5. Nf3 O-O 6. Nxe5 Qa5+ 7. Nc3 Qxe5 8.
f4 Qc7 9. Qe2 Bc5 10. Bd2 a5 11. e5 Ne8 12. Ne4 Be7 13. d4 d6 14. Rf1 Bf5 15.
O-O-O d5 16. Nf2 Qb6 17. g4 Bd7 18. f5 Nc7 19. Nh3 c5 20. f6 gxf6 21. exf6 Bxf6
22. g5 Bg7 23. Nf4 cxd4 24. Qf2 Qb5 25. Nh5 Ne6 26. Nf6+ Kh8 27. Qh4 Bxf6 28.
Rxf6 Rg8 29. Bf1 Qc6 30. Bd3 Rg7 31. Rh6 Nf8 32. Rxc6 Nxc6 33. Rf1 Be6 34. Rf6
Ne5 35. Qxd4 Nc6 36. Qf4 Nd7 37. Rh6 Nf8 38. h4 Ng6 39. Qf6 Nce5 40. Bxg6 Nxg6
41. h5 Nh4 42. g6 Nf5 43. Rxh7+ Kg8 44. Rxg7+ Nxg7 45. Bc3 Nxh5 46. Qh8# 1-0